| 000 | 00537nam a2200181Ia 4500 | ||
|---|---|---|---|
| 008 | 090124s9999 xx 000 0 und d | ||
| 082 | _b23642 | ||
| 100 | _aमेहता शशिकला | ||
| 245 | _a सोनगंधा | ||
| 250 | _a1 | ||
| 260 |
_bसाहित्यसेवा प्रकाशन _c1985 |
||
| 300 | _a227 | ||
| 600 | _aमेहता शशिकला | ||
| 630 | _a सोनगंधा | ||
| 700 | _aमेहता शशिकला | ||
| 730 | _a सोनगंधा | ||
| 942 | _cBOOK | ||
| 999 |
_c92398 _d92398 |
||